Arminia Bielefeld 24/25 - Statistiken

Allgemein
  • Dieses Quiz wurde 134 mal gespielt
    56 seit der letzten Aktualisierung
  • Das Durchschnittsergebnis liegt bei 18 aus 24
Antwortstatistiken
Nummer Spieler % Korrekt
1 Jonas Kersken
96%
4 Louis Oppie
90%
38 Marius Wörl
90%
19 Maximilian Grosser
90%
7 Julian Kania
88%
18 Leo Opperman
88%
24 Christopher Lannert
84%
3 Joel Felix
84%
23 Leon Schneider
82%
6 Mael Corboz
82%
8 Sam Schreck
82%
37 Noah Sarenren Bazee
80%
21 Stefano Russo
80%
11 Joel Grodowski
76%
2 Felix Hagmann
73%
30 Isaiah Young
73%
9 Jeredey Hilterman
65%
13 Lukas Kunze
59%
17 Merveille Biankadi
59%
28 Roberts Uldrikis
59%
5 Semi Belkahia
59%
22 Mika Schrörs
55%
10 Nassim Boujellab
55%
41 Artem Zaloha
53%
Keine übereinstimmenden Quizze gefunden
Verteilung der Resultate
Anzahl Personen mit jedem Resultat
Perzentil nach korrekt beantworteten Fragen
Ihre Resultats-Entwicklung
Sie haben dieses Quiz seit der letzten Aktualisierung nicht gespielt